Normal view
MARC view
- Garg, Vijay K
Entry Personal Name
001 - CONTROL NUMBER
- control field: 83344
003 - CONTROL NUMBER IDENTIFIER
- control field: NUST
005 - DATE AND TIME OF LATEST TRANSACTION
- control field: 20211022095901.0
008 - FIXED-LENGTH DATA ELEMENTS
- fixed length control field: 211022|| aca||aabn | a|a d
040 ## - CATALOGING SOURCE
- Original cataloging agency: NUST
- Transcribing agency: NUST
100 ## - HEADING--PERSONAL NAME
- Personal name: Garg, Vijay K
670 ## - SOURCE DATA FOUND
- Source citation: Work cat.: (NUST)33397: Garg, Vijay K, Wireless Network Evolution 2G to 3G, 2012.
